Catálogo

Norma mexicana IMNC. (Registro nro. 67007)

Detalles MARC
000 -LEADER
fixed length control field 01611nam a2200289 u 4500
001 - CONTROL NUMBER
control field 67007
005 - DATE AND TIME OF LATEST TRANSACTION
control field 20211018155524.0
008 - FIXED-LENGTH DATA ELEMENTS--GENERAL INFORMATION
fixed length control field 170324s2005 mx r 000 0 spa d
040 ## - CATALOGING SOURCE
Original cataloging agency rda
041 0# - LANGUAGE CODE
Language code of text/sound track or separate title spa
082 0# - DEWEY DECIMAL CLASSIFICATION NUMBER
Classification number 658.562
Item number INS
505 8# - FORMATTED CONTENTS NOTE
Formatted contents note Folleto 1. ISO 14001:2004; COPANT/ISO 14001-2004; NMX-SAA-14001-IMNC-2004: Sistemas de gestión ambiental - Requisitos con orientación para su uso =Environmental management systems - Requirements with guidance for use -- Folleto 2. ISO 14050:2002; COPANT/ISO 14050-2004; NMX-SSA-14050-IMNC-2004: Gestión ambiental - Vocabulario = Environmental management - Vocabulary -- Folleto 3. ISO 14004:2004; COPANT/ISO 14004-2004; NMX-SSA-14004-IMNC-2004: Sistemas de gestión ambiental -Directrices generales sobre principios, sistemas y técnicas de apoyo = Environmental management systems -General guidelines on principles, systems and support techniques.
110 1# - MAIN ENTRY--CORPORATE NAME
Corporate name or jurisdiction name as entry element Instituto Mexicano de Normalización y Certificación,
Relator term autor
9 (RLIN) 3840
245 10 - TITLE STATEMENT
Title Norma mexicana IMNC.
250 ## - EDITION STATEMENT
Edition statement Primera edición
264 #1 - PRODUCTION, PUBLICATION, DISTRIBUTION, MANUFACTURE, AND COPYRIGHT NOTICE
Place of production, publication, distribution, manufacture México :
Name of producer, publisher, distributor, manufacturer Comité Técnico de Normalización Nacional de Sistemas de Administración Ambiental,
Date of production, publication, distribution, manufacture, or copyright notice [2004 - 2005]
300 ## - PHYSICAL DESCRIPTION
Extent 3 volúmenes (x, 27; x, 26; x, 48 páginas) ;
Dimensions 28 cm.
336 ## - CONTENT TYPE
Content type term texto
Source rdacontent
Content type code txt
337 ## - MEDIA TYPE
Media type term sin medio
Source rdamedia
Media type code n
338 ## - CARRIER TYPE
Carrier type term volumen
Source rdacarrier
Carrier type code nc
650 #4 - SUBJECT ADDED ENTRY--TOPICAL TERM
Topical term or geographic name entry element Normalización y certificación
650 #4 - SUBJECT ADDED ENTRY--TOPICAL TERM
Topical term or geographic name entry element Calidad ambiental
650 #4 - SUBJECT ADDED ENTRY--TOPICAL TERM
Topical term or geographic name entry element Auditoria ambiental
650 #4 - SUBJECT ADDED ENTRY--TOPICAL TERM
Topical term or geographic name entry element Gestión ambiental
650 #4 - SUBJECT ADDED ENTRY--TOPICAL TERM
Topical term or geographic name entry element Ingeniería ambiental
942 ## - ADDED ENTRY ELEMENTS (KOHA)
Classification part 658.562
Item part INS
Koha item type Libro
Existencias
Withdrawn status Lost status Source of classification or shelving scheme Damaged status Not for loan Collection code Home library Current library Shelving location Date acquired Source of acquisition Total Checkouts Full call number Barcode Price effective from Koha item type
    Dewey Decimal Classification   Consulta en sala Referencia Biblioteca Karol Wojtyla Biblioteca Karol Wojtyla Referencia 24/03/2017 Compra   658.562 INS 2005 76474 24/03/2017 Folleto
    Dewey Decimal Classification   Consulta en sala Referencia Biblioteca Karol Wojtyla Biblioteca Karol Wojtyla Referencia 24/03/2017 Compra   658.562 INS 2005 76475 24/03/2017 Folleto
    Dewey Decimal Classification   Consulta en sala Referencia Biblioteca Karol Wojtyla Biblioteca Karol Wojtyla Referencia 24/03/2017 Compra   658.562 INS 2005 76937 24/03/2017 Folleto